000
00202 a2200097 4500
001
5065
100
_a
Kilner,E
245
_a
Applied organic chemistry
260
_a
_b
Macdonald
_c
090
_c
4214
_d
4214
942
_a
NUST-CAE
_c
M
_c
30506
999
_c
240138
_d
240138